[Event "Figueres op 12th"]
[Site "Figueres"]
[Date "2011.08.14"]
[Round "4"]
[White "Alvarez Pedraza, Aramis"]
[Black "Temprano Mateos, Luis Jose"]
[Result "1-0"]
[WhiteElo "2551"]
[BlackElo "2010"]
[PlyCount "67"]
[EventDate "2011.08.11"]
[EventType "swiss"]
[EventRounds "9"]
[EventCountry "ESP"]
[SourceTitle "CBM 143 Extra"]
[Source "ChessBase"]
[SourceDate "2011.08.29"]
[SourceVersion "1"]
[SourceVersionDate "2011.08.29"]
[SourceQuality "1"]

1. d4 d5 2. c4 c6 3. Nf3 Nf6 4. Qc2 g6 5. Bf4 Bg7 6. e3 Bf5 7. Qb3 Bxb1 8. Rxb1 Qb6 9. h3 Qxb3 10. axb3 0-0 11. Be2 Rc8 12. 0-0 Nbd7 13. Rfd1 Nf8 14. Bh2 Ne6 15. Ne5 Nc7 16. Ra1 Nfe8 17. Ra5 Bxe5 18. Bxe5 e6 19. f3 Rd8 20. Kf2 Rd7 21. g4 f6 22. Bf4 Kf7 23. h4 Ng7 24. Rc1 Nge8 25. Ra4 Re7 26. g5 f5 27. Be5 a6 28. Rh1 Ng7 29. f4 Nh5 30. Rha1 Rd8 31. Rb4 Ne8 32. c5 Red7 33. Rb6 Nc7 34. Rxb7 1-0

[Event "Figueres op 12th"]
[Site "Figueres"]
[Date "2011.08.12"]
[Round "2"]
[White "Vishnu, Prasanna V"]
[Black "Temprano Mateos, Luis Jose"]
[Result "1-0"]
[WhiteElo "2340"]
[BlackElo "2010"]
[PlyCount "53"]
[EventDate "2011.08.11"]
[EventType "swiss"]
[EventRounds "9"]
[EventCountry "ESP"]
[SourceTitle "CBM 143 Extra"]
[Source "ChessBase"]
[SourceDate "2011.08.29"]
[SourceVersion "1"]
[SourceVersionDate "2011.08.29"]
[SourceQuality "1"]

1. e4 e5 2. Nf3 Nc6 3. Bb5 Nf6 4. d3 Bc5 5. Bxc6 dxc6 6. 0-0 Bg4 7. h3 Bxf3 8. Qxf3 h6 9. Qg3 Qe7 10. Nd2 0-0-0 11. Nc4 Rde8 12. Bd2 Kb8 13. Rfb1 Nh5 14. Qf3 g6 15. b4 Bd6 16. b5 c5 17. a4 Ng7 18. b6 Ne6 19. bxa7+ Kxa7 20. Na5 Nd8 21. Rxb7+ Nxb7 22. Nc6+ Ka8 23. Nxe7 Rxe7 24. Rb1 Nd8 25. d4 Nc6 26. dxc5 Bxc5 27. Qf6 1-0